[Event "ESP-ch 83rd"]
[Site "Linares"]
[Date "2018.08.20"]
[Round "1"]
[White "Serrano Garcia, Luis"]
[Black "Ayats Llobera, Gerard"]
[Result "0-1"]
[WhiteElo "1915"]
[BlackElo "2345"]
[PlyCount "42"]
[EventDate "2018.08.20"]
[EventType "swiss"]
[EventRounds "9"]
[EventCountry "ESP"]
[SourceTitle "CBM 186 Extra"]
[Source "ChessBase"]
[SourceDate "2018.08.24"]
[SourceVersion "1"]
[SourceVersionDate "2018.08.24"]
[SourceQuality "1"]

1. e4 c5 2. g3 b6 3. Bg2 Bb7 4. Nc3 e6 5. Nge2 a6 6. 0-0 h5 7. h3 Qc7 8. d4 cxd4 9. Nxd4 h4 10. g4 Nc6 11. Be3 Ne5 12. Qe2 Nc4 13. Bc1 Rc8 14. Nd1 b5 15. b3 Bc5 16. c3 Ne5 17. Bb2 Ng6 18. Bc1 b4 19. Qd3 bxc3 20. Nxc3 Bxd4 21. Qxd4 Qxc3 0-1